[Event "Verbandsliga Suedbaden 2122"]
[Site "Baden"]
[Date "2022.04.03"]
[Round "8.3"]
[White "Hanisch, Joerg"]
[Black "Kalix, Wolfgang"]
[Result "1-0"]
[WhiteElo "2047"]
[BlackElo "2008"]
[PlyCount "73"]
[EventDate "2021.10.10"]
[EventType "team-tourn"]
[EventRounds "9"]
[EventCountry "GER"]
[SourceTitle "EXT 2023"]
[Source "ChessBase"]
[SourceDate "2022.10.05"]
[SourceVersion "1"]
[SourceVersionDate "2022.10.05"]
[SourceQuality "1"]
[WhiteTeam "Sasbach"]
[BlackTeam "Konstanz"]
[WhiteTeamCountry "GER"]
[BlackTeamCountry "GER"]

1. e4 e5 2. Nf3 Nc6 3. Bc4 d6 4. d4 Bg4 5. h3 Bxf3 6. Qxf3 Qf6 7. Qb3 0-0-0 8. d5 Na5 9. Qa4 Nxc4 10. Qxc4 Qg6 11. 0-0 f5 12. Nc3 Qf7 13. Be3 a6 14. f3 g6 15. b4 Bh6 16. Bf2 Bd2 17. Nb1 Bg5 18. a4 Kd7 19. a5 Ke8 20. b5 Qd7 21. bxa6 bxa6 22. Qxa6 Nf6 23. Qd3 Ke7 24. c4 Ra8 25. a6 Rhb8 26. Nc3 Qc8 27. a7 Rb7 28. Rfb1 fxe4 29. Nxe4 Nxe4 30. fxe4 c5 31. dxc6 Qxc6 32. Rxb7+ Qxb7 33. Rb1 Qa6 34. Qd5 Rxa7 35. Bxa7 Qxa7+ 36. Kh1 Qc5 37. Rb7+ 1-0

[Event "Verbandsliga Suedbaden 2122"]
[Site "Baden"]
[Date "2021.10.10"]
[Round "1.7"]
[White "Toedter, Carsten"]
[Black "Hanisch, Joerg"]
[Result "1-0"]
[WhiteElo "1953"]
[BlackElo "2047"]
[PlyCount "59"]
[EventDate "2021.10.10"]
[EventType "team-tourn"]
[EventRounds "9"]
[EventCountry "GER"]
[SourceTitle "EXT 2023"]
[Source "ChessBase"]
[SourceDate "2022.10.05"]
[SourceVersion "1"]
[SourceVersionDate "2022.10.05"]
[SourceQuality "1"]
[WhiteTeam "Dreilaendereck"]
[BlackTeam "Sasbach"]
[WhiteTeamCountry "GER"]
[BlackTeamCountry "GER"]

1. d4 Nf6 2. c4 g6 3. g3 Bg7 4. Bg2 d5 5. Nf3 dxc4 6. 0-0 0-0 7. Na3 c3 8. bxc3 c5 9. e3 Nc6 10. Nc4 Qc7 11. Qe2 b6 12. Nfe5 Bb7 13. Bb2 Rfd8 14. Rfd1 Nxe5 15. Nxe5 Bxg2 16. Kxg2 Ne4 17. f4 e6 18. Rac1 Rac8 19. c4 Qb7 20. Kg1 Qa6 21. a3 cxd4 22. exd4 Nd6 23. d5 exd5 24. Rxd5 Nb7 25. Rcd1 Rxd5 26. Rxd5 Nc5 27. Nc6 Rxc6 28. Qe8+ Bf8 29. Qxc6 Ne4 30. Rd8 1-0

[Event "Oberliga Baden 1920"]
[Site "Baden"]
[Date "2019.11.17"]
[Round "3.8"]
[White "Hanisch, Joerg"]
[Black "Schmidt, Stefan"]
[Result "0-1"]
[WhiteElo "2044"]
[BlackElo "2130"]
[PlyCount "46"]
[EventDate "2019.09.29"]
[EventType "team-tourn"]
[EventRounds "9"]
[EventCountry "GER"]
[SourceTitle "CBM 195 Extra"]
[Source "ChessBase"]
[SourceDate "2020.05.31"]
[SourceVersion "1"]
[SourceVersionDate "2020.05.31"]
[SourceQuality "1"]
[WhiteTeam "Sasbach"]
[BlackTeam "Viernheim II"]
[WhiteTeamCountry "GER"]
[BlackTeamCountry "GER"]

1. e4 e6 2. d4 d5 3. Nd2 Nc6 4. Ngf3 Nf6 5. e5 Ne4 6. Bd3 f5 7. exf6 Nxf6 8. c3 Bd6 9. Qe2 0-0 10. Ne5 Qe8 11. f4 Nh5 12. g3 Nxe5 13. fxe5 Be7 14. Nf3 Bd7 15. Ng5 Bxg5 16. Bxg5 a6 17. Qc2 g6 18. a4 a5 19. Rf1 Rxf1+ 20. Kxf1 b5 21. axb5 Bxb5 22. Kg2 Rb8 23. Rd1 Ba4 0-1

[Event "Pfalz op 10th"]
[Site "Neustadt an der Weinstrasse"]
[Date "2019.03.02"]
[Round "2"]
[White "Hanisch, Joerg"]
[Black "Hoefelsauer, Thomas"]
[Result "0-1"]
[WhiteElo "2105"]
[BlackElo "2354"]
[PlyCount "50"]
[EventDate "2019.03.01"]
[EventType "swiss"]
[EventRounds "9"]
[EventCountry "GER"]
[SourceTitle "CBM 189 Extra"]
[Source "ChessBase"]
[SourceDate "2019.06.03"]
[SourceVersion "1"]
[SourceVersionDate "2019.06.03"]
[SourceQuality "1"]

1. e4 c6 2. d4 d5 3. e5 c5 4. dxc5 e6 5. a3 Bxc5 6. Qg4 Ne7 7. Nf3 0-0 8. Bd3 Ng6 9. 0-0 f5 10. Qh5 Qe8 11. g4 Nc6 12. b4 Ncxe5 13. Nxe5 Bd4 14. Nf3 Bxa1 15. c3 e5 16. gxf5 Nf4 17. Qxe8 Rxe8 18. Bxf4 exf4 19. Nd4 Bd7 20. Nb3 Bb2 21. Nc5 Re7 22. Nxb7 g6 23. fxg6 Bh3 24. Rd1 Rxb7 25. Rd2 Re8 0-1

[Event "Oberliga Baden 1819"]
[Site "Baden"]
[Date "2018.12.16"]
[Round "4.8"]
[White "Hefner, Felix"]
[Black "Hanisch, Joerg"]
[Result "0-1"]
[WhiteElo "2046"]
[BlackElo "2053"]
[PlyCount "52"]
[EventDate "2018.10.21"]
[EventType "team-tourn"]
[EventRounds "9"]
[EventCountry "GER"]
[SourceTitle "EXT 2020"]
[Source "ChessBase"]
[SourceDate "2019.10.17"]
[SourceVersion "1"]
[SourceVersionDate "2019.10.17"]
[SourceQuality "1"]
[WhiteTeam "Buchen"]
[BlackTeam "Sasbach"]
[WhiteTeamCountry "GER"]
[BlackTeamCountry "GER"]

1. d4 Nf6 2. c4 g6 3. g3 c6 4. Bg2 d5 5. Nf3 Bg7 6. 0-0 0-0 7. Nbd2 Bf5 8. b3 Ne4 9. Bb2 Qa5 10. a3 Rd8 11. b4 Qb6 12. e3 a5 13. Qb3 axb4 14. axb4 Na6 15. Ba3 e5 16. Nxe4 dxe4 17. Nxe5 c5 18. g4 Be6 19. Bb2 f6 20. d5 Bc8 21. Nxg6 hxg6 22. Bxe4 Bxg4 23. Bxg6 f5 24. f3 Bh3 25. Bh5 Qh6 26. Bxg7 Qxg7+ 0-1

[Event "Oberliga Baden 1819"]
[Site "Baden"]
[Date "2018.11.25"]
[Round "3.8"]
[White "Hanisch, Joerg"]
[Black "Wiechert, Hans"]
[Result "1-0"]
[WhiteElo "2053"]
[BlackElo "2177"]
[PlyCount "141"]
[EventDate "2018.10.21"]
[EventType "team-tourn"]
[EventRounds "9"]
[EventCountry "GER"]
[SourceTitle "EXT 2020"]
[Source "ChessBase"]
[SourceDate "2019.10.17"]
[SourceVersion "1"]
[SourceVersionDate "2019.10.17"]
[SourceQuality "1"]
[WhiteTeam "Sasbach"]
[BlackTeam "Untergrombach"]
[WhiteTeamCountry "GER"]
[BlackTeamCountry "GER"]

1. e4 c6 2. d4 d5 3. Nd2 dxe4 4. Nxe4 Bf5 5. Ng3 Bg6 6. Nf3 e6 7. Bd3 Nf6 8. 0-0 Bd6 9. Re1 0-0 10. Bxg6 hxg6 11. Bg5 Qc7 12. Qe2 c5 13. Bxf6 gxf6 14. Ne4 f5 15. Nxd6 Qxd6 16. Rad1 Qb6 17. c3 Nd7 18. h4 Nf6 19. Ne5 cxd4 20. Rxd4 Rfd8 21. Red1 Rxd4 22. Rxd4 Rd8 23. Rxd8+ Qxd8 24. Qd3 Qb6 25. Nc4 Qc7 26. Qd4 Nd5 27. Ne5 b5 28. Kf1 Kh7 29. Nf3 f6 30. g3 Kg8 31. Ke2 Kf7 32. Nd2 Nb6 33. b3 e5 34. Qd3 Qc5 35. h5 e4 36. hxg6+ Kxg6 37. Qe3 Qe5 38. c4 bxc4 39. Nxc4 Nxc4 40. bxc4 Qb2+ 41. Qd2 Qa3 42. Ke1 a5 43. Qc2 Qc5 44. Qb3 Qd4 45. Qc2 e3 46. f4 Qa1+ 47. Ke2 Qg1 48. Kf3 Qf1+ 49. Kxe3 Qe1+ 50. Kf3 Qf1+ 51. Ke3 Qe1+ 52. Kd4 Qxg3 53. Qd2 a4 54. c5 Qf3 55. Kc4 a3 56. Kb4 Kh5 57. Qd4 Kg4 58. Qc4 Qc6 59. Kxa3 Kf3 60. Kb4 Ke3 61. a4 Qb7+ 62. Kc3 Qc7 63. Qd3+ Kf2 64. Qd6 Qa5+ 65. Kb3 Ke3 66. c6 Qb6+ 67. Kc4 Qa6+ 68. Kd5 Qxa4 69. c7 Qa2+ 70. Kc6 Qa4+ 71. Kb7 1-0

[Event "Verbandsliga Suedbaden 1718"]
[Site "Baden"]
[Date "2018.04.22"]
[Round "8.6"]
[White "Kiefer, Gerhard"]
[Black "Hanisch, Joerg"]
[Result "1/2-1/2"]
[WhiteElo "2260"]
[BlackElo "2124"]
[PlyCount "34"]
[EventDate "2017.10.08"]
[EventType "team-tourn"]
[EventRounds "9"]
[EventCountry "GER"]
[SourceTitle "EXT 2019"]
[Source "ChessBase"]
[SourceDate "2018.10.10"]
[SourceVersion "1"]
[SourceVersionDate "2018.10.10"]
[SourceQuality "1"]
[WhiteTeam "Emmendingen II"]
[BlackTeam "Sasbach"]
[WhiteTeamCountry "GER"]
[BlackTeamCountry "GER"]

1. e4 c5 2. Nf3 d6 3. d4 cxd4 4. Nxd4 Nf6 5. Nc3 a6 6. Bg5 e6 7. f4 h6 8. Bh4 Qb6 9. Qd2 Qxb2 10. Rb1 Qa3 11. Bxf6 gxf6 12. Be2 Nc6 13. Nxc6 bxc6 14. 0-0 Be7 15. Kh1 Qa5 16. Qe3 Qc7 17. Bh5 Rb8 1/2-1/2

[Event "Verbandsliga Suedbaden 1718"]
[Site "Baden"]
[Date "2018.02.18"]
[Round "6.6"]
[White "Hanisch, Joerg"]
[Black "Bittner, Thomas"]
[Result "1-0"]
[WhiteElo "2124"]
[BlackElo "2155"]
[PlyCount "36"]
[EventDate "2017.10.08"]
[EventType "team-tourn"]
[EventRounds "9"]
[EventCountry "GER"]
[SourceTitle "EXT 2019"]
[Source "ChessBase"]
[SourceDate "2018.10.10"]
[SourceVersion "1"]
[SourceVersionDate "2018.10.10"]
[SourceQuality "1"]
[WhiteTeam "Sasbach"]
[BlackTeam "Baden-Baden IV"]
[WhiteTeamCountry "GER"]
[BlackTeamCountry "GER"]

1. e4 e5 2. Nf3 Nc6 3. Bb5 Nf6 4. 0-0 Bc5 5. c3 0-0 6. d4 Bb6 7. Bg5 h6 8. Bh4 d6 9. Qc1 Qe7 10. Re1 Nb8 11. Nbd2 c6 12. Bd3 Bg4 13. Nc4 Bc7 14. Ne3 Bxf3 15. gxf3 Nbd7 16. Kh1 Qe6 17. Nf5 Kh7 18. Rg1 Rg8 1-0

[Event "Verbandsliga Suedbaden 1718"]
[Site "Baden"]
[Date "2018.01.28"]
[Round "5.5"]
[White "Hanisch, Joerg"]
[Black "Schuler, Klaus"]
[Result "1/2-1/2"]
[WhiteElo "2124"]
[BlackElo "2196"]
[PlyCount "78"]
[EventDate "2017.10.08"]
[EventType "team-tourn"]
[EventRounds "9"]
[EventCountry "GER"]
[SourceTitle "EXT 2019"]
[Source "ChessBase"]
[SourceDate "2018.10.10"]
[SourceVersion "1"]
[SourceVersionDate "2018.10.10"]
[SourceQuality "1"]
[WhiteTeam "Sasbach"]
[BlackTeam "Lahr"]
[WhiteTeamCountry "GER"]
[BlackTeamCountry "GER"]

1. e4 d5 2. exd5 Nf6 3. d4 Nxd5 4. Nf3 Bg4 5. h3 Bxf3 6. Qxf3 e6 7. Be2 Nc6 8. c3 Qf6 9. 0-0 Bd6 10. Nd2 0-0-0 11. Ne4 Qxf3 12. Nxd6+ Rxd6 13. Bxf3 e5 14. dxe5 Nxe5 15. Be4 g6 16. Re1 f6 17. Bh6 Nf7 18. Bd2 Ng5 19. Bxg5 fxg5 20. Rad1 Rhd8 21. Bf3 Nf6 22. Kf1 Rxd1 23. Rxd1 Rxd1+ 24. Bxd1 Kd7 25. Ke2 Kd6 26. Kd3 c5 27. Bf3 b6 28. Kc4 Ne8 29. a4 Nc7 30. Bb7 Ke5 31. Kd3 Ne8 32. Bc6 Nd6 33. Bd7 Kf6 34. Bg4 Ke5 35. Bf3 a5 36. Bd1 Kd5 37. Bf3+ Ke5 38. Bd1 Kd5 39. Bf3+ Ke5 1/2-1/2

[Event "GER CupT 1718 prel7"]
[Site "Sasbach"]
[Date "2018.01.14"]
[Round "2.4"]
[White "Hanisch, Joerg"]
[Black "Pitschka, Claus"]
[Result "0-1"]
[WhiteElo "2124"]
[BlackElo "2249"]
[PlyCount "80"]
[EventDate "2018.01.13"]
[EventType "team-k.o."]
[EventRounds "2"]
[EventCountry "GER"]
[SourceTitle "EXT 2019"]
[Source "ChessBase"]
[SourceDate "2018.10.10"]
[SourceVersion "1"]
[SourceVersionDate "2018.10.10"]
[SourceQuality "1"]
[WhiteTeam "Sasbach"]
[BlackTeam "Garching"]
[WhiteTeamCountry "GER"]
[BlackTeamCountry "GER"]

1. e4 Nf6 2. e5 Nd5 3. d4 d6 4. Nf3 Bg4 5. Be2 c6 6. c4 Nc7 7. exd6 exd6 8. Qb3 Qc8 9. h3 Bh5 10. 0-0 Be7 11. Nc3 0-0 12. Re1 Nd7 13. Be3 Re8 14. Rad1 h6 15. d5 c5 16. Ne4 Bf8 17. Ng3 Bxf3 18. Bxf3 b5 19. cxb5 Rb8 20. Qc2 Nxb5 21. Nf5 Nf6 22. g4 Qb7 23. Re2 g6 24. Nxh6+ Bxh6 25. Bxh6 Nd4 26. Rxe8+ Rxe8 27. Rxd4 cxd4 28. Qd2 Qb5 29. Qxd4 Re1+ 30. Kh2 Qf1 31. Kg3 Qg1+ 32. Kh4 Rf1 33. Be3 Nd7 34. Qxa7 Ne5 35. Be4 Kg7 36. Qb8 Qh2 37. Qb6 f6 38. f4 Rxf4 39. Bxf4 Qxf4 40. Qa7+ Nf7 0-1

[Event "Schwarzach op 32nd"]
[Site "Schwarzach"]
[Date "2017.08.19"]
[Round "1"]
[White "Hanisch, Joerg"]
[Black "Tratar, Marko"]
[Result "0-1"]
[WhiteElo "2164"]
[BlackElo "2456"]
[PlyCount "58"]
[EventDate "2017.08.19"]
[EventType "swiss"]
[EventRounds "9"]
[EventCountry "AUT"]
[SourceTitle "CBM 180 Extra"]
[Source "ChessBase"]
[SourceDate "2017.10.06"]
[SourceVersion "1"]
[SourceVersionDate "2017.10.06"]
[SourceQuality "1"]

1. e4 e6 2. d4 d5 3. Nd2 Be7 4. Bd3 c5 5. dxc5 Nf6 6. Qe2 0-0 7. Ngf3 a5 8. 0-0 Na6 9. e5 Nd7 10. c4 Naxc5 11. Bc2 b6 12. Nd4 Bb7 13. Nb5 Qb8 14. f4 Rc8 15. b3 f6 16. Nf3 dxc4 17. bxc4 Bxf3 18. Rxf3 fxe5 19. Bxh7+ Kxh7 20. Bb2 Bf6 21. Rh3+ Kg8 22. Rd1 Rc6 23. Qh5 exf4 24. Qh7+ Kf7 25. Qh5+ Ke7 26. Bxf6+ Nxf6 27. Qg6 Qf8 28. Nd4 Rd6 29. Rh7 Nxh7 0-1

[Event "Verbandsliga Suedbaden 1617"]
[Site "Baden"]
[Date "2017.03.12"]
[Round "7.5"]
[White "Hanisch, Joerg"]
[Black "Fischer, Markus"]
[Result "1/2-1/2"]
[WhiteElo "2191"]
[BlackElo "2255"]
[PlyCount "80"]
[EventDate "2016.10.09"]
[EventType "team-tourn"]
[EventRounds "9"]
[EventCountry "GER"]
[SourceTitle "EXT 2022"]
[Source "ChessBase"]
[SourceDate "2021.10.06"]
[SourceVersion "1"]
[SourceVersionDate "2021.10.06"]
[SourceQuality "1"]
[WhiteTeam "Sasbach"]
[BlackTeam "Heitersheim"]
[WhiteTeamCountry "GER"]
[BlackTeamCountry "GER"]

1. e4 Nf6 2. e5 Nd5 3. d4 d6 4. Nf3 Bg4 5. Be2 e6 6. h3 Bh5 7. 0-0 Be7 8. c4 Nb6 9. Nc3 0-0 10. Be3 a5 11. b3 d5 12. c5 N6d7 13. Ne1 Bxe2 14. Nxe2 b6 15. Nd3 Nc6 16. cxb6 cxb6 17. a3 Rc8 18. Qd2 Na7 19. f4 f5 20. g4 g6 21. Kh2 Rf7 22. Rg1 Kh8 23. Ra2 Bf8 24. Bf2 Rc6 25. Ne1 Be7 26. Nf3 Nf8 27. Rc1 Qd7 28. Bh4 Bxh4 29. Nxh4 Rxc1 30. Qxc1 Qd8 31. Nf3 Rc7 32. Rc2 Rxc2 33. Qxc2 Qc8 34. Qxc8 Nxc8 35. Nc3 Na7 36. Na4 Nc8 37. Kg3 Kg7 38. Kf2 h6 39. g5 h5 40. Ke3 Kf7 1/2-1/2

[Event "Verbandsliga Suedbaden 1617"]
[Site "Baden"]
[Date "2017.02.12"]
[Round "6.5"]
[White "Schmider, Niklas"]
[Black "Hanisch, Joerg"]
[Result "1-0"]
[WhiteElo "2050"]
[BlackElo "2191"]
[PlyCount "45"]
[EventDate "2016.10.09"]
[EventType "team-tourn"]
[EventRounds "9"]
[EventCountry "GER"]
[SourceTitle "EXT 2022"]
[Source "ChessBase"]
[SourceDate "2021.10.06"]
[SourceVersion "1"]
[SourceVersionDate "2021.10.06"]
[SourceQuality "1"]
[WhiteTeam "Lahr"]
[BlackTeam "Sasbach"]
[WhiteTeamCountry "GER"]
[BlackTeamCountry "GER"]

1. e4 c5 2. Nf3 d6 3. d4 cxd4 4. Nxd4 Nf6 5. Nc3 a6 6. Bg5 e6 7. f4 h6 8. Bh4 Be7 9. Qf3 Qc7 10. 0-0-0 Nbd7 11. Be2 Rg8 12. Rhf1 g5 13. fxg5 hxg5 14. Bg3 Ne5 15. Qe3 Bd7 16. h3 0-0-0 17. Nf3 Nxf3 18. Bxf3 g4 19. e5 gxf3 20. exd6 Rxg3 21. dxc7 Rdg8 22. Rxf3 Rxg2 23. Qd4 1-0

[Event "Verbandsliga Suedbaden 1516"]
[Site "Baden"]
[Date "2016.03.06"]
[Round "7.4"]
[White "Grandadam, Patrick"]
[Black "Hanisch, Joerg"]
[Result "1/2-1/2"]
[WhiteElo "2349"]
[BlackElo "2132"]
[PlyCount "58"]
[EventDate "2015.09.27"]
[EventType "team-tourn"]
[EventRounds "9"]
[EventCountry "GER"]
[SourceTitle "EXT 2022"]
[Source "ChessBase"]
[SourceDate "2021.10.06"]
[SourceVersion "1"]
[SourceVersionDate "2021.10.06"]
[SourceQuality "1"]
[WhiteTeam "Dreilaendereck"]
[BlackTeam "Sasbach"]
[WhiteTeamCountry "GER"]
[BlackTeamCountry "GER"]

1. Nf3 Nf6 2. c4 c5 3. d4 cxd4 4. Nxd4 e6 5. Nc3 Nc6 6. g3 Qb6 7. Ndb5 Ne5 8. Bf4 Nfg4 9. Qa4 g5 10. Bxe5 Qxf2+ 11. Kd1 Nxe5 12. Nc7+ Kd8 13. Nxa8 Qd4+ 14. Kc2 Nxc4 15. e4 Qd2+ 16. Kb3 Qxb2+ 17. Kxc4 Bg7 18. Qa5+ b6 19. Qxg5+ f6 20. Qb5 Ba6 21. Qxa6 f5 22. Qxa7 Qxc3+ 23. Kb5 Qc6+ 24. Kb4 Qc5+ 25. Kb3 Qc3+ 26. Ka4 Qc2+ 27. Kb5 Qc6+ 28. Kb4 Qc3+ 29. Kb5 Qc6+ 1/2-1/2

[Event "Untergrombach op 33rd"]
[Site "Untergrombach"]
[Date "2016.01.05"]
[Round "6"]
[White "Hanisch, Joerg"]
[Black "Farmani Anosheh, Armin"]
[Result "1-0"]
[WhiteElo "2107"]
[BlackElo "2253"]
[PlyCount "72"]
[EventDate "2016.01.02"]
[EventType "swiss"]
[EventRounds "7"]
[EventCountry "GER"]
[SourceTitle "CBM 170 Extra"]
[Source "ChessBase"]
[SourceDate "2016.02.25"]
[SourceVersion "1"]
[SourceVersionDate "2016.02.25"]
[SourceQuality "1"]

1. e4 c5 2. Nf3 Nc6 3. d4 cxd4 4. Nxd4 e5 5. Nb5 d6 6. c4 Be7 7. N5c3 Nf6 8. Be2 Be6 9. Be3 0-0 10. 0-0 Rc8 11. Qd2 a6 12. f3 Nd4 13. Na3 Nxe2+ 14. Qxe2 Qc7 15. Nd5 Bxd5 16. cxd5 Nd7 17. Rfc1 Qb8 18. Nc4 Bd8 19. a4 b5 20. axb5 axb5 21. Na3 Bb6 22. Bxb6 Qxb6+ 23. Kf1 b4 24. Nc4 Qc5 25. Qe3 f5 26. Qxc5 Rxc5 27. Nxd6 fxe4 28. Nxe4 Rxd5 29. Ra7 h6 30. Rcc7 Rf7 31. Ke2 Kf8 32. Rab7 Rd4 33. Nc5 Ke8 34. Nxd7 Rfxd7 35. Rxd7 Rxd7 36. Rxd7 Kxd7 1-0

[Event "Donau op 24th"]
[Site "Aschach"]
[Date "2015.12.30"]
[Round "6"]
[White "Kaczur, Florian"]
[Black "Hanisch, Joerg"]
[Result "1-0"]
[WhiteElo "2396"]
[BlackElo "2107"]
[PlyCount "43"]
[EventDate "2015.12.26"]
[EventType "swiss"]
[EventRounds "7"]
[EventCountry "AUT"]
[SourceTitle "CBM 170 Extra"]
[Source "ChessBase"]
[SourceDate "2016.02.25"]
[SourceVersion "1"]
[SourceVersionDate "2016.02.25"]
[SourceQuality "1"]

1. e4 c5 2. Nf3 d6 3. d4 cxd4 4. Nxd4 Nf6 5. Nc3 a6 6. h3 e5 7. Nde2 h5 8. Bg5 Nbd7 9. Nd5 b5 10. Nec3 Bb7 11. a4 b4 12. Bxf6 Nxf6 13. Nxf6+ Qxf6 14. Nd5 Qd8 15. Bc4 Rc8 16. Bb3 a5 17. 0-0 Rc5 18. f4 Be7 19. fxe5 0-0 20. Qxh5 dxe5 21. Rad1 Bd6 22. Nf6+ 1-0

[Event "Donau op 24th"]
[Site "Aschach"]
[Date "2015.12.27"]
[Round "3"]
[White "Hanisch, Joerg"]
[Black "Sergeev, Vladimir"]
[Result "1-0"]
[WhiteElo "2107"]
[BlackElo "2452"]
[PlyCount "141"]
[EventDate "2015.12.26"]
[EventType "swiss"]
[EventRounds "7"]
[EventCountry "AUT"]
[SourceTitle "CBM 170 Extra"]
[Source "ChessBase"]
[SourceDate "2016.02.25"]
[SourceVersion "1"]
[SourceVersionDate "2016.02.25"]
[SourceQuality "1"]

1. e4 c5 2. Nf3 a6 3. c4 e6 4. Nc3 Qc7 5. Be2 Nf6 6. 0-0 b6 7. d4 cxd4 8. Nxd4 Bb7 9. f3 Be7 10. Be3 0-0 11. Qd2 d6 12. Rfc1 Rc8 13. a4 Qd8 14. Bf1 h6 15. Qf2 Nfd7 16. a5 bxa5 17. Nb3 Nc6 18. Na4 Rab8 19. Nb6 Nxb6 20. Bxb6 Qf8 21. Nxa5 Nxa5 22. Rxa5 d5 23. exd5 Bxd5 24. Be3 Bb7 25. c5 Bd8 26. Ra3 a5 27. Rb3 Bc6 28. Rxb8 Rxb8 29. Bf4 Rb4 30. Bd6 Qe8 31. Rc4 Rxc4 32. Bxc4 Bf6 33. b3 Qa8 34. Bg3 Qa7 35. Qe3 a4 36. bxa4 Qxa4 37. Qb3 Qa1+ 38. Bf1 Bd5 39. Qb5 Bd4+ 40. Bf2 Bxf2+ 41. Kxf2 Qd4+ 42. Ke1 f5 43. h3 Qh4+ 44. Kd1 Qf2 45. Kc1 Kh7 46. Kd1 Bb3+ 47. Qxb3 Qxf1+ 48. Kd2 Qxg2+ 49. Ke3 Qg1+ 50. Kd3 Qf1+ 51. Kd4 Qa1+ 52. Kc4 Qa8 53. Qb6 Qd5+ 54. Kb4 Qd4+ 55. Ka5 Qc3+ 56. Ka6 Qa3+ 57. Kb7 Qxf3+ 58. c6 Qd5 59. Kb8 Qd6+ 60. Ka7 Qa3+ 61. Kb7 Qf3 62. Kb8 Qxh3 63. c7 Qg3 64. Qxe6 Qg4 65. Kb7 Qb4+ 66. Kc6 Qa4+ 67. Kd6 Qb4+ 68. Kd7 Qb7 69. Qxf5+ Kh8 70. Qc5 Kh7 71. Kd8 1-0

[Event "Verbandsliga Suedbaden 1516"]
[Site "Baden"]
[Date "2015.11.22"]
[Round "3.5"]
[White "Leutwyler, Martin"]
[Black "Hanisch, Joerg"]
[Result "1/2-1/2"]
[WhiteElo "2200"]
[BlackElo "2132"]
[PlyCount "87"]
[EventDate "2015.09.27"]
[EventType "team-tourn"]
[EventRounds "9"]
[EventCountry "GER"]
[SourceTitle "EXT 2022"]
[Source "ChessBase"]
[SourceDate "2021.10.06"]
[SourceVersion "1"]
[SourceVersionDate "2021.10.06"]
[SourceQuality "1"]
[WhiteTeam "Gottmadingen"]
[BlackTeam "Sasbach"]
[WhiteTeamCountry "GER"]
[BlackTeamCountry "GER"]

1. d4 Nf6 2. c4 g6 3. Nc3 d5 4. cxd5 Nxd5 5. Bd2 Bg7 6. e4 Nxc3 7. Bxc3 0-0 8. Qd2 c5 9. d5 e6 10. Bc4 exd5 11. Bxd5 Nd7 12. Rd1 Qe7 13. Bxg7 Kxg7 14. Nf3 Nf6 15. 0-0 Bg4 16. Qc3 Rad8 17. h3 Bxf3 18. Qxf3 Rd7 19. Rfe1 Nxd5 20. exd5 Qf6 21. Qa3 b6 22. Rd2 Rfd8 23. Red1 Qe5 24. Qb3 Rd6 25. a4 R8d7 26. Qc4 Re7 27. a5 Qe4 28. Qc3+ Qe5 29. Qc4 Qe4 30. Qc3+ Kg8 31. axb6 axb6 32. Ra1 Qe5 33. Qb3 Red7 34. Rad1 h5 35. h4 Kh7 36. Qc4 Re7 37. b4 Qe4 38. Qxe4 Rxe4 39. bxc5 bxc5 40. g3 Kg7 41. Rc2 Rd4 42. Rdc1 R6xd5 43. Rxc5 Rxc5 44. Rxc5 1/2-1/2

[Event "Verbandsliga Suedbaden 1516"]
[Site "Baden"]
[Date "2015.10.25"]
[Round "2.5"]
[White "Hanisch, Joerg"]
[Black "Boes, Julian"]
[Result "1/2-1/2"]
[WhiteElo "2132"]
[BlackElo "2083"]
[PlyCount "92"]
[EventDate "2015.09.27"]
[EventType "team-tourn"]
[EventRounds "9"]
[EventCountry "GER"]
[SourceTitle "EXT 2022"]
[Source "ChessBase"]
[SourceDate "2021.10.06"]
[SourceVersion "1"]
[SourceVersionDate "2021.10.06"]
[SourceQuality "1"]
[WhiteTeam "Sasbach"]
[BlackTeam "Heitersheim"]
[WhiteTeamCountry "GER"]
[BlackTeamCountry "GER"]

1. e4 e6 2. d4 d5 3. Nd2 dxe4 4. Nxe4 Nd7 5. Bd3 Ngf6 6. Qe2 c5 7. Nxf6+ Nxf6 8. dxc5 Bxc5 9. Nf3 0-0 10. Bg5 Qc7 11. Bxf6 gxf6 12. Qe4 f5 13. Qh4 Qe7 14. Qh6 f6 15. 0-0 Qg7 16. Qxg7+ Kxg7 17. Rfe1 Re8 18. Bxf5 Re7 19. Be4 f5 20. Bd3 Kf6 21. Rad1 b6 22. Ne5 Bb7 23. Bb5 Rg8 24. g3 f4 25. Nd7+ Rxd7 26. Rxd7 fxg3 27. hxg3 Rxg3+ 28. Kh2 Bxf2 29. Rf1 Rg2+ 30. Kh3 Be4 31. Bd3 Rg3+ 32. Kh4 Rg2+ 33. Rxf2+ Rxf2 34. Bxe4 Rf4+ 35. Kg3 Rxe4 36. Rxh7 Ra4 37. a3 Ke5 38. Kf3 Kd5 39. Ke3 a6 40. Kd3 Rg4 41. Rd7+ Kc6 42. Rd8 Rg3+ 43. Ke4 Rg2 44. Kd3 Rg3+ 45. Ke4 Rg2 46. Kd3 Rg3+ 1/2-1/2

[Event "BL2-Sued 0910"]
[Site "Germany"]
[Date "2009.11.29"]
[Round "3.7"]
[White "Hanisch, Joerg"]
[Black "Fritsch, Rolf"]
[Result "1-0"]
[WhiteElo "2211"]
[BlackElo "2242"]
[PlyCount "57"]
[EventDate "2009.10.18"]
[EventType "team-tourn"]
[EventRounds "9"]
[EventCountry "GER"]
[SourceTitle "EXT 2011"]
[Source "ChessBase"]
[SourceDate "2010.11.26"]
[SourceVersion "1"]
[SourceVersionDate "2010.11.26"]
[SourceQuality "1"]
[WhiteTeam "Neuhausen"]
[BlackTeam "Stuttgart"]
[WhiteTeamCountry "GER"]
[BlackTeamCountry "GER"]

1. e4 c5 2. Nf3 e6 3. d4 cxd4 4. Nxd4 a6 5. Bd3 Qc7 6. 0-0 Bc5 7. Nb3 Be7 8. Qe2 d6 9. c4 Nf6 10. Nc3 Nbd7 11. f4 b6 12. Bd2 Bb7 13. Rae1 Rd8 14. Rf3 0-0 15. Rh3 e5 16. g4 g6 17. f5 Rfe8 18. g5 Nh5 19. Nd5 Bxd5 20. exd5 Nc5 21. Nxc5 Qxc5+ 22. Kh1 Rb8 23. fxg6 hxg6 24. Rxh5 gxh5 25. Qxh5 Bd8 26. Rf1 Rb7 27. Qh7+ Kf8 28. g6 Bf6 29. Rxf6 1-0

[Event "Oberliga Baden 0708"]
[Site "Germany"]
[Date "2008.03.09"]
[Round "7.8"]
[White "Hanisch, Joerg"]
[Black "Greis, Bernhard"]
[Result "1-0"]
[WhiteElo "2194"]
[BlackElo "2024"]
[PlyCount "52"]
[EventDate "2007.10.21"]
[EventType "team-tourn"]
[EventRounds "9"]
[EventCountry "GER"]
[SourceTitle "EXT 2009"]
[Source "ChessBase"]
[SourceDate "2008.11.26"]
[SourceVersion "1"]
[SourceVersionDate "2008.11.26"]
[SourceQuality "1"]
[WhiteTeam "Neuhausen"]
[BlackTeam "Buchen"]
[WhiteTeamCountry "GER"]
[BlackTeamCountry "GER"]

1. e4 c5 2. Nf3 d6 3. d4 cxd4 4. Nxd4 Nf6 5. Nc3 g6 6. Be3 Bg7 7. f3 0-0 8. Qd2 Nc6 9. 0-0-0 d5 10. exd5 Nxd5 11. Nxc6 bxc6 12. Bd4 e5 13. Bc5 Be6 14. Ne4 Re8 15. h4 h6 16. g4 Qc7 17. g5 h5 18. Bc4 Red8 19. Qf2 a5 20. Rd2 Rab8 21. Rhd1 Qb7 22. c3 Qc7 23. Bb3 Bf8 24. Qg1 Be7 25. Qh2 Kf8 26. Qf2 Rb7 1-0